000 01664nam a22004211a 4500
003 CHAP
005 20220329143337.0
008 081011s2008 mx r 00010 spa d
010 _a95235
011 _a96207
035 _a106854
040 _cCHAP
090 _aTesis
100 1 _aVieyra Sánchez, Uri.
_9119312
245 1 3 _aLa empresa forestal comunitaria en ejidos indígenas de los Altos de Chiapas :
_banálisis de dos estudios de caso
_c/por Uri Vieyra Sánchez
260 _aSan Cristóbal de las Casas, Chis. :
_bEl autor,
_c2008
300 _axix, 173 h. :
_bgráfs., cuadros, mapas
502 _aTesis (M.C. en Desarrollo Rural Regional) -- UACH. Dirección de Centros Regionales Universitarios
530 _aTambién disponible en línea
590 _aALEPH
_b10
_c20130110
_lUCH01
_h1524
590 _aBATCH-UPD
_b10
_c20130110
_lUCH01
_h0705
590 _aBATCH-UPD
_b10
_c20130410
_lUCH01
_h0350
590 _aBATCH-UPD
_b10
_c20130914
_lUCH01
_h1024
590 _aBATCH-UPD
_b10
_c20140324
_lUCH01
_h1508
590 _aBATCH-UPD
_b10
_c20141002
_lUCH01
_h0837
590 _aCONVERSION
_b10
_c20130109
_lUCH01
_h1353
650 1 4 _aComunidades rurales.
_926254
650 1 4 _aEjidos forestales
_zChiapas.
_936052
650 1 4 _aEmpresas campesinas.
_936652
650 1 4 _aFotogrametría aérea.
_942727
650 1 4 _aRecursos forestales
_zChiapas.
_995073
856 _3Finding aid
_uhttp://10.13.5.2/tesis/106854.pdf
_zTeclea aqui
901 _aBK
905 _aluisgm
942 _cFOLL
949 _aTesis
_bBC
_cTES
_d33724002074207
_eTS2
_fc.2
_gDonaciØn
_h48258
_i106854
_sb
949 _aTesis
_bBC
_cTES
_d33724002074248
_eTS1
_gDonaciØn
_h48257
_i106854
_sb
999 _c95235
_d95235